[Event "19. Obert Int. Sant Marti 2017 - B"]
[Site "Barcelona ESP"]
[Date "2017.07.19"]
[Round "7.15"]
[White "Salazar Navas, Josep"]
[Black "Colom Andres, Xavier"]
[Result "0-1"]
[WhiteElo "1733"]
[BlackElo "1874"]
[PlyCount "88"]
[EventDate "2017.07.13"]
[EventType "swiss"]
[EventRounds "9"]
[EventCountry "ESP"]
[SourceTitle "Ajedrez en Madrid"]
[Source "lmi"]
[SourceDate "2017.07.13"]
[SourceVersion "1"]
[SourceVersionDate "2019.06.21"]
[SourceQuality "1"]

1. e4 c6 2. d4 d5 3. exd5 cxd5 4. c4 Nf6 5. Nc3 Nc6 6. Bf4 g6 7. c5 Bg7 8. Bb5
O-O 9. Nge2 Ne4 10. O-O Bf5 11. Bxc6 bxc6 12. Qa4 Nxc3 13. Nxc3 Qc8 14. Rfe1
Re8 15. Re3 Qb7 16. Rd1 h6 17. b4 a6 18. Qb3 g5 19. Bg3 Bd7 20. Na4 Bg4 21. f3
Bf5 22. Nb6 Ra7 23. a4 e6 24. b5 axb5 25. axb5 Ra5 26. bxc6 Qxc6 27. Bd6 Rb5
28. Qa3 Rb1 29. Rxb1 Bxb1 30. Qb4 Bf5 31. Ra3 Kh7 32. Ra7 Rd8 33. Rc7 Qe8 34.
Re7 Qh8 35. c6 Bxd4+ 36. Kh1 Bxb6 37. Qxb6 Qa1+ 38. Qg1 Qxg1+ 39. Kxg1 Rxd6 40.
c7 Rc6 41. Rxf7+ Kg6 42. Re7 Kf6 43. Rd7 Rc2 44. g4 Bd3 0-1

[Event "19. Obert Int. Sant Marti 2017 - B"]
[Site "Barcelona ESP"]
[Date "2017.07.19"]
[Round "7.16"]
[White "Siludakis, Hernan"]
[Black "Minos Constante, Pablo"]
[Result "1/2-1/2"]
[WhiteElo "1874"]
[BlackElo "1742"]
[PlyCount "172"]
[EventDate "2017.07.13"]
[EventType "swiss"]
[EventRounds "9"]
[EventCountry "ESP"]
[SourceTitle "Ajedrez en Madrid"]
[Source "lmi"]
[SourceDate "2017.07.13"]
[SourceVersion "1"]
[SourceVersionDate "2019.06.21"]
[SourceQuality "1"]

1. e4 c5 2. Nc3 e6 3. g3 d5 4. d3 d4 5. Nce2 e5 6. Bg2 Bd6 7. f4 Nc6 8. Nf3
Nge7 9. O-O O-O 10. f5 f6 11. g4 g5 12. fxg6 hxg6 13. Qe1 Kg7 14. Qg3 Be6 15.
Bd2 Qd7 16. h3 c4 17. Nh4 cxd3 18. cxd3 g5 19. Nf5+ Bxf5 20. gxf5 Kf7 21. Qg4
Ke8 22. Ng3 Kd8 23. Nh5 Ng8 24. h4 gxh4 25. Ng7 Rf7 26. Ne6+ Ke7 27. Bf3 Bb4
28. Bxb4+ Nxb4 29. Rac1 Rc8 30. Qg6 Nc6 31. Bh5 Rcf8 32. b4 a6 33. a4 Kd6 34.
Rc5 Nge7 35. Nxf8 Rxf8 36. Qg7 Rg8 37. Qxg8 Nxg8 38. Rd5+ Ke7 39. Rxd7+ Kxd7
40. b5 axb5 41. axb5 Nb4 42. Bf7 Nh6 43. Bc4 Nc2 44. Kh2 Ng4+ 45. Kh3 Nce3 46.
Be6+ Kc7 47. Rf3 Kb6 48. Bc4 Kc5 49. Kxh4 Kb4 50. b6 Kc5 51. Rg3 Nxc4 52. Rxg4
Nxb6 53. Rg6 Nd7 54. Kg3 b5 55. Rg7 Kc6 56. Kf3 b4 57. Ke2 b3 58. Kd2 Nc5 59.
Rg8 Kb7 60. Rg7+ Kb6 61. Rg6 Nd7 62. Kc1 Kb5 63. Kb2 Kb4 64. Rg8 Ka4 65. Rc8
Nb6 66. Rc6 Nd7 67. Rc4+ Kb5 68. Kxb3 Nc5+ 69. Kc2 Nxe4 70. Rc8 Ng3 71. Rf8
Nxf5 72. Rxf6 Ne3+ 73. Kd2 Kc5 74. Ke2 Kd5 75. Kf3 Nc2 76. Ra6 Ne1+ 77. Ke2 Nc2
78. Ra8 Ke6 79. Kf3 Ne3 80. Ke4 Ng4 81. Ra6+ Kd7 82. Kd5 Ke7 83. Rg6 Nf2 84.
Rg3 e4 85. Kxd4 exd3 86. Re3+ Kd6 1/2-1/2

[Event "19. Obert Int. Sant Marti 2017 - B"]
[Site "Barcelona ESP"]
[Date "2017.07.19"]
[Round "7.17"]
[White "Minko, Olga"]
[Black "Husson, Cybele"]
[Result "0-1"]
[WhiteElo "1563"]
[BlackElo "1870"]
[PlyCount "52"]
[EventDate "2017.07.13"]
[EventType "swiss"]
[EventRounds "9"]
[EventCountry "ESP"]
[SourceTitle "Ajedrez en Madrid"]
[Source "lmi"]
[SourceDate "2017.07.13"]
[SourceVersion "1"]
[SourceVersionDate "2019.06.21"]
[SourceQuality "1"]

1. e4 g6 2. d4 Bg7 3. Nc3 d6 4. Be3 c6 5. Qd2 a5 6. h4 h5 7. f4 Nh6 8. Be2 Ng4
9. Bxg4 Bxg4 10. Nf3 Na6 11. Nh2 Bd7 12. O-O-O b5 13. Rdf1 Qc8 14. Ne2 c5 15.
e5 Nb4 16. exd6 exd6 17. dxc5 Bf5 18. Nd4 dxc5 19. Nxb5 O-O 20. a3 Rd8 21. Qf2
Qe6 22. Nc3 Na2+ 23. Kb1 Nxc3+ 24. bxc3 Qb3+ 25. Kc1 Qxa3+ 26. Kb1 Rab8# 0-1

[Event "19. Obert Int. Sant Marti 2017 - B"]
[Site "Barcelona ESP"]
[Date "2017.07.19"]
[Round "7.18"]
[White "Zheng, Hong Wei"]
[Black "Ramos Alvarez, Maximo"]
[Result "1-0"]
[WhiteElo "1572"]
[BlackElo "1865"]
[PlyCount "89"]
[EventDate "2017.07.13"]
[EventType "swiss"]
[EventRounds "9"]
[EventCountry "ESP"]
[SourceTitle "Ajedrez en Madrid"]
[Source "lmi"]
[SourceDate "2017.07.13"]
[SourceVersion "1"]
[SourceVersionDate "2019.06.21"]
[SourceQuality "1"]

1. e4 c5 2. b3 g6 3. Bb2 Nf6 4. e5 Nh5 5. g3 Nc6 6. f4 Bh6 7. Bg2 O-O 8. Nf3
Bg7 9. O-O d6 10. Re1 Bg4 11. Na3 Qd7 12. Nc4 b5 13. Ne3 Bh3 14. Bh1 f6 15. d4
fxe5 16. dxe5 dxe5 17. Qxd7 Bxd7 18. Nxe5 Nxe5 19. Bxa8 Nf3+ 20. Bxf3 Bxb2 21.
Rad1 Bc3 22. Re2 Nf6 23. Kg2 Kg7 24. Nd5 Nxd5 25. Rxd5 Bc6 26. Rxc5 Bxf3+ 27.
Kxf3 Bd4 28. Rxb5 e5 29. Rb7+ Kh6 30. Re4 g5 31. Kg2 gxf4 32. gxf4 Bb6 33. Kf3
exf4 34. Rxf4 Rd8 35. Re7 Rd2 36. Re2 Rd1 37. Rg2 Rf1+ 38. Ke4 Re1+ 39. Kf5 Bd8
40. Rf3 Bh4 41. Rg4 Kh5 42. Re4 Rg1 43. Rh3 Rg5+ 44. Ke6 Rg6+ 45. Kd5 1-0

[Event "19. Obert Int. Sant Marti 2017 - B"]
[Site "Barcelona ESP"]
[Date "2017.07.19"]
[Round "7.19"]
[White "Poyato Ruiz, Fernando"]
[Black "Aguilera Campana, Antonio"]
[Result "0-1"]
[WhiteElo "1863"]
[BlackElo "1674"]
[PlyCount "44"]
[EventDate "2017.07.13"]
[EventType "swiss"]
[EventRounds "9"]
[EventCountry "ESP"]
[SourceTitle "Ajedrez en Madrid"]
[Source "lmi"]
[SourceDate "2017.07.13"]
[SourceVersion "1"]
[SourceVersionDate "2019.06.21"]
[SourceQuality "1"]

1. d4 d5 2. c4 dxc4 3. Nc3 g6 4. e4 Bg7 5. Be3 Nf6 6. f3 c6 7. Bxc4 O-O 8. Nge2
b5 9. Bd3 Bb7 10. O-O Qb6 11. Qd2 Nbd7 12. d5 Qc7 13. dxc6 Bxc6 14. Bxb5 Ne5
15. Rac1 Qb7 16. Bxc6 Nxc6 17. Nf4 e6 18. Nd3 Rad8 19. Qe2 Nd7 20. Na4 Qb5 21.
Nac5 Nxc5 22. Rxc5 Qxd3 0-1

[Event "19. Obert Int. Sant Marti 2017 - B"]
[Site "Barcelona ESP"]
[Date "2017.07.19"]
[Round "7.20"]
[White "Low, Kevin"]
[Black "Hebert, Floriane"]
[Result "1-0"]
[WhiteElo "1843"]
[BlackElo "1567"]
[PlyCount "73"]
[EventDate "2017.07.13"]
[EventType "swiss"]
[EventRounds "9"]
[EventCountry "ESP"]
[SourceTitle "Ajedrez en Madrid"]
[Source "lmi"]
[SourceDate "2017.07.13"]
[SourceVersion "1"]
[SourceVersionDate "2019.06.21"]
[SourceQuality "1"]

1. e4 b6 2. d4 Bb7 3. Bd3 Nf6 4. Qe2 Nc6 5. c3 e6 6. Nf3 h6 7. O-O Be7 8. Re1
d6 9. Nbd2 e5 10. d5 Nb8 11. Nf1 c6 12. c4 Nbd7 13. Ng3 O-O 14. Nf5 Nh7 15.
Nxe7+ Qxe7 16. Bd2 Nhf6 17. Nh4 Rfe8 18. Nf5 Qf8 19. Rac1 Nc5 20. Bb1 cxd5 21.
cxd5 Bc8 22. Qf3 Bxf5 23. Qxf5 Nh7 24. b4 Nb7 25. Rc7 Rab8 26. Rec1 Red8 27.
R1c3 g6 28. Rg3 Qg7 29. Bxh6 Qf6 30. Qxf6 Nxf6 31. Bg5 Nh5 32. Bxd8 Nxg3 33.
hxg3 Nxd8 34. Rxa7 f6 35. Bd3 Nf7 36. Rd7 Kf8 37. a4 1-0

[Event "19. Obert Int. Sant Marti 2017 - B"]
[Site "Barcelona ESP"]
[Date "2017.07.19"]
[Round "7.21"]
[White "Molinas Garcia, Francisco"]
[Black "Vives Cabau, Jordi"]
[Result "1/2-1/2"]
[WhiteElo "1738"]
[BlackElo "1930"]
[PlyCount "259"]
[EventDate "2017.07.13"]
[EventType "swiss"]
[EventRounds "9"]
[EventCountry "ESP"]
[SourceTitle "Ajedrez en Madrid"]
[Source "lmi"]
[SourceDate "2017.07.13"]
[SourceVersion "1"]
[SourceVersionDate "2019.06.21"]
[SourceQuality "1"]

1. e4 e5 2. Nf3 Nc6 3. Bb5 Bc5 4. c3 f5 5. d4 fxe4 6. Bxc6 dxc6 7. Nxe5 Bd6 8.
Bf4 Nf6 9. O-O Be6 10. Nd2 O-O 11. Bg3 c5 12. Nb3 c4 13. Nd2 Bd5 14. Ndxc4 b5
15. Ne3 Be6 16. b3 g6 17. Qe2 Qe8 18. c4 bxc4 19. bxc4 Nh5 20. f4 exf3 21. Rxf3
Nxg3 22. Rxg3 c5 23. Nc2 Bf5 24. Re1 Qa4 25. dxc5 Rae8 26. cxd6 Bxc2 27. Re3
Bf5 28. c5 Qd4 29. Qc4+ Qxc4 30. Nxc4 Rc8 31. Re5 Bd7 32. Ne3 Rb8 33. Nd5 Rb2
34. R5e2 Rxe2 35. Rxe2 Bb5 36. Ne7+ Kg7 37. Re1 Re8 38. Rc1 Rd8 39. c6 Rxd6 40.
c7 Ba6 41. c8=Q Bxc8 42. Nxc8 Rd7 43. Kf1 Kf7 44. Ke2 Ke6 45. Rc6+ Ke5 46. Ra6
Rc7 47. Nxa7 Rc2+ 48. Kf3 Rc3+ 49. Kg4 Rc2 50. Nc6+ Ke4 51. Ra4+ Ke3 52. Ra3+
Ke4 53. Ne7 Rxg2+ 54. Kh3 Rc2 55. Ng8 g5 56. Nf6+ Kf5 57. Nxh7 Kg6 58. Nf8+ Kh5
59. Ne6 Re2 60. Nc5 Re1 61. Rc3 Rg1 62. Rc4 g4+ 63. Rxg4 Rxg4 64. a4 Rc4 65.
Ne6 Re4 66. Nc5 Rc4 67. Ne6 Rxa4 68. Kg3 Kg6 69. Nf4+ Kf5 70. Ne2 Ra3+ 71. Kf2
Kg4 72. Kg2 Kh4 73. Nf4 Kg4 74. Ne2 Kh4 75. Nf4 Kg4 76. Ne2 Rd3 77. Kf2 Kh4 78.
Nf4 Ra3 79. Ne2 Kh3 80. Nd4 Rd3 81. Ne2 Rb3 82. Nd4 Rb2+ 83. Ke3 Rxh2 84. Nf3
Ra2 85. Ke4 Kg3 86. Ne5 Ra4+ 87. Ke3 Rb4 88. Nd3 Rh4 89. Ne5 Kg2 90. Nd3 Ra4
91. Ne5 Kg3 92. Nd3 Ra3 93. Ke4 Kg4 94. Ke3 Ra4 95. Nc5 Rc4 96. Nd3 Kf5 97. Nf2
Rh4 98. Kf3 Ra4 99. Ke3 Rb4 100. Nd3 Re4+ 101. Kf3 Re8 102. Nf2 Rh8 103. Ke3
Rd8 104. Kf3 Rd2 105. Ke3 Ra2 106. Nd3 Ke6 107. Nf4+ Kd6 108. Ke4 Ra5 109. Kd4
Ra4+ 110. Ke3 Ke5 111. Nd3+ Kf5 112. Nf2 Ke5 113. Nd3+ Kd6 114. Nf4 Kc5 115.
Nd3+ Kb5 116. Ne5 Rh4 117. Nf3 Ra4 118. Nd4+ Kc4 119. Nf5 Kd5 120. Ng3 Ke5 121.
Kf3 Rb4 122. Ne2 Ra4 123. Ke3 Ra3+ 124. Kd2 Kd5 125. Nc3+ Kc4 126. Ne2 Rf3 127.
Kc2 Rd3 128. Nf4 Ra3 129. Kd2 Rg3 130. Ke2 1/2-1/2

[Event "19. Obert Int. Sant Marti 2017 - B"]
[Site "Barcelona ESP"]
[Date "2017.07.19"]
[Round "7.22"]
[White "Gonzalez Lafita, Oscar"]
[Black "Gonzalez Moreno, Antoni"]
[Result "1/2-1/2"]
[WhiteElo "1867"]
[BlackElo "1734"]
[PlyCount "70"]
[EventDate "2017.07.13"]
[EventType "swiss"]
[EventRounds "9"]
[EventCountry "ESP"]
[SourceTitle "Ajedrez en Madrid"]
[Source "lmi"]
[SourceDate "2017.07.13"]
[SourceVersion "1"]
[SourceVersionDate "2019.06.21"]
[SourceQuality "1"]

1. d4 d5 2. c4 e6 3. cxd5 exd5 4. Nc3 Nf6 5. Bg5 Be7 6. Nf3 c6 7. e3 Bg4 8. h3
Bh5 9. Be2 Nbd7 10. O-O O-O 11. Qc2 Re8 12. Rab1 Bg6 13. Bd3 Bxd3 14. Qxd3 h6
15. Bf4 Nf8 16. b4 a6 17. a4 Ne6 18. Bh2 b6 19. Rfc1 c5 20. bxc5 bxc5 21. dxc5
Nxc5 22. Qf5 g6 23. Qc2 Rc8 24. Qe2 Bd6 25. Bxd6 Qxd6 26. Nd4 Nfe4 27. a5 Nxc3
28. Rxc3 Na4 29. Rxc8 Rxc8 30. Qg4 Rc4 31. Qf3 Kg7 32. g3 Qc7 33. Kg2 Rc5 34.
Rb4 Nc3 35. Nb3 Rc6 1/2-1/2

[Event "19. Obert Int. Sant Marti 2017 - B"]
[Site "Barcelona ESP"]
[Date "2017.07.19"]
[Round "7.23"]
[White "Corominas Garrido, Jordi"]
[Black "Moreno Oller, Victor"]
[Result "1-0"]
[WhiteElo "1864"]
[BlackElo "1730"]
[PlyCount "59"]
[EventDate "2017.07.13"]
[EventType "swiss"]
[EventRounds "9"]
[EventCountry "ESP"]
[SourceTitle "Ajedrez en Madrid"]
[Source "lmi"]
[SourceDate "2017.07.13"]
[SourceVersion "1"]
[SourceVersionDate "2019.06.21"]
[SourceQuality "1"]

1. c4 Nf6 2. g3 g6 3. Bg2 Bg7 4. Nc3 O-O 5. d3 d6 6. Nf3 e5 7. Rb1 a5 8. a3 Na6
9. b4 axb4 10. axb4 Rb8 11. O-O b6 12. e3 Bb7 13. d4 Ne4 14. Ne2 f5 15. b5 exd4
16. exd4 Nac5 17. dxc5 Nxc5 18. Ned4 Be4 19. Bg5 Qc8 20. Rc1 h6 21. Be3 f4 22.
Bxf4 Rxf4 23. gxf4 Qg4 24. h3 Qxf4 25. Ne2 Bxf3 26. Nxf4 Bxd1 27. Rfxd1 Rf8 28.
Bd5+ Kh7 29. Ne6 Nxe6 30. Bxe6 1-0

[Event "19. Obert Int. Sant Marti 2017 - B"]
[Site "Barcelona ESP"]
[Date "2017.07.19"]
[Round "7.24"]
[White "Moreno Perez, Norberto"]
[Black "Ramon Herraez, Alex"]
[Result "1-0"]
[WhiteElo "1851"]
[BlackElo "1694"]
[PlyCount "65"]
[EventDate "2017.07.13"]
[EventType "swiss"]
[EventRounds "9"]
[EventCountry "ESP"]
[SourceTitle "Ajedrez en Madrid"]
[Source "lmi"]
[SourceDate "2017.07.13"]
[SourceVersion "1"]
[SourceVersionDate "2019.06.21"]
[SourceQuality "1"]

1. e4 d5 2. exd5 Qxd5 3. Nf3 Nc6 4. d4 Bg4 5. Be2 O-O-O 6. c4 Qh5 7. d5 e6 8.
Nc3 exd5 9. Nxd5 Nce7 10. h3 Nxd5 11. cxd5 Rxd5 12. Qa4 Bd7 13. Qxa7 Ra5 14.
Qd4 Ra4 15. Qd1 Bd6 16. Be3 Qg6 17. Nd4 Bb4+ 18. Kf1 Ne7 19. Bf3 Bc5 20. Rc1
Bxd4 21. Bxd4 Bb5+ 22. Kg1 Rd8 23. Qb3 Raxd4 24. Qxb5 Qa6 25. Qe5 Qd6 26. Qa5
Kb8 27. g3 Ng6 28. Kh2 Ne5 29. Bg2 Nd3 30. Rc2 g6 31. Rd1 Qe5 32. Qc3 R8d7 33.
Rxd3 1-0

[Event "19. Obert Int. Sant Marti 2017 - B"]
[Site "Barcelona ESP"]
[Date "2017.07.19"]
[Round "7.25"]
[White "Nilesh, Jindal"]
[Black "Molina Hernandez, Albert"]
[Result "1-0"]
[WhiteElo "1722"]
[BlackElo "1840"]
[PlyCount "55"]
[EventDate "2017.07.13"]
[EventType "swiss"]
[EventRounds "9"]
[EventCountry "ESP"]
[SourceTitle "Ajedrez en Madrid"]
[Source "lmi"]
[SourceDate "2017.07.13"]
[SourceVersion "1"]
[SourceVersionDate "2019.06.21"]
[SourceQuality "1"]

1. d4 Nf6 2. c4 g6 3. Nf3 Bg7 4. Nc3 O-O 5. g3 d6 6. Bg2 Nbd7 7. O-O c5 8. e4
cxd4 9. Nxd4 a5 10. h3 Nc5 11. Be3 Bd7 12. Rc1 Rc8 13. b3 Bc6 14. Nxc6 bxc6 15.
Bxc5 dxc5 16. Na4 Qd4 17. Qe2 Qe5 18. f4 Qd4+ 19. Kh2 Qd7 20. Nb6 Qa7 21. Nxc8
Rxc8 22. e5 Ne8 23. Rcd1 Bf8 24. f5 Ng7 25. fxg6 hxg6 26. e6 Nf5 27. exf7+ Kh8
28. Rxf5 1-0

[Event "19. Obert Int. Sant Marti 2017 - B"]
[Site "Barcelona ESP"]
[Date "2017.07.19"]
[Round "7.26"]
[White "Pera Muntasell, Marc"]
[Black "Anjali, R. Sagar"]
[Result "1-0"]
[WhiteElo "1800"]
[BlackElo "1724"]
[PlyCount "93"]
[EventDate "2017.07.13"]
[EventType "swiss"]
[EventRounds "9"]
[EventCountry "ESP"]
[SourceTitle "Ajedrez en Madrid"]
[Source "lmi"]
[SourceDate "2017.07.13"]
[SourceVersion "1"]
[SourceVersionDate "2019.06.21"]
[SourceQuality "1"]

1. e4 e5 2. Nf3 Nc6 3. Bc4 Bc5 4. c3 Nf6 5. d4 exd4 6. cxd4 Bb4+ 7. Bd2 Bxd2+
8. Nbxd2 d5 9. exd5 Nxd5 10. Qb3 Nce7 11. O-O O-O 12. Rfe1 c6 13. Ne4 Qb6 14.
Qa3 Bg4 15. Ne5 Be6 16. Nc5 Rad8 17. Nxe6 fxe6 18. Rad1 Nf5 19. Nf3 Rf6 20. h3
Nd6 21. Bb3 Kh8 22. Ng5 Nb5 23. Qa4 Nbc7 24. Qc4 h6 25. Ne4 Rg6 26. Kh2 Nb5 27.
Nc5 Qc7+ 28. g3 Qf7 29. Qe2 Nf4 30. gxf4 Qxf4+ 31. Kh1 Nxd4 32. Qe3 Qf5 33.
Nxe6 Nxe6 34. Rxd8+ Nf8 35. Rxf8+ Qxf8 36. Qe8 Rf6 37. Qxf8+ Rxf8 38. Kg2 a5
39. Re7 Rb8 40. Kg3 c5 41. Rc7 b6 42. h4 Rf8 43. h5 Kh7 44. Bc2+ Kg8 45. Bb3+
Kh8 46. f4 Rb8 47. Kf3 1-0

[Event "19. Obert Int. Sant Marti 2017 - B"]
[Site "Barcelona ESP"]
[Date "2017.07.19"]
[Round "7.27"]
[White "Arribas Alvarez, Marti"]
[Black "Pereda Villalba, Julian"]
[Result "1-0"]
[WhiteElo "1781"]
[BlackElo "1719"]
[PlyCount "51"]
[EventDate "2017.07.13"]
[EventType "swiss"]
[EventRounds "9"]
[EventCountry "ESP"]
[SourceTitle "Ajedrez en Madrid"]
[Source "lmi"]
[SourceDate "2017.07.13"]
[SourceVersion "1"]
[SourceVersionDate "2019.06.21"]
[SourceQuality "1"]

1. d4 Nf6 2. e3 d5 3. Bd3 Nc6 4. f4 Bg4 5. Nf3 e6 6. Nbd2 Bh5 7. O-O Bg6 8. a3
Ne4 9. Ne5 f5 10. Ndf3 Ne7 11. c4 c6 12. Bd2 dxc4 13. Bxe4 fxe4 14. Ng5 Qd5 15.
Qc2 h6 16. Nxg6 Nxg6 17. Nxe4 Ne7 18. Nc5 b6 19. Na6 Rc8 20. Nb4 Qd7 21. Qxc4
a5 22. Nd3 Nf5 23. Ne5 Nd6 24. Qd3 Qc7 25. Qg6+ Nf7 26. Qxe6+ 1-0

[Event "19. Obert Int. Sant Marti 2017 - B"]
[Site "Barcelona ESP"]
[Date "2017.07.19"]
[Round "7.29"]
[White "Grasa Solanas, Oscar"]
[Black "Calafell Marques, Jose"]
[Result "1/2-1/2"]
[WhiteElo "1676"]
[BlackElo "1762"]
[PlyCount "100"]
[EventDate "2017.07.13"]
[EventType "swiss"]
[EventRounds "9"]
[EventCountry "ESP"]
[SourceTitle "Ajedrez en Madrid"]
[Source "lmi"]
[SourceDate "2017.07.13"]
[SourceVersion "1"]
[SourceVersionDate "2019.06.21"]
[SourceQuality "1"]

1. c4 e6 2. Nf3 Nf6 3. g3 d5 4. b3 Nc6 5. Bg2 d4 6. O-O Be7 7. d3 e5 8. Ba3 O-O
9. Bxe7 Qxe7 10. Nbd2 Bf5 11. Ng5 Rad8 12. a3 Qd7 13. Re1 h6 14. Nge4 Nxe4 15.
Nxe4 b6 16. Nd2 Bh3 17. Bh1 f5 18. Bd5+ Kh8 19. Nf3 f4 20. b4 fxg3 21. hxg3 Qd6
22. Kh2 Bg4 23. Rh1 Ne7 24. Be4 Rf6 25. Kg2 Rdf8 26. Qd2 Bf5 27. Bxf5 Rxf5 28.
Raf1 Qf6 29. Qc1 Kg8 30. Qe1 Ng6 31. Nh4 Nf4+ 32. gxf4 Rh5 33. f3 exf4 34. Rh3
g5 35. Rfh1 gxh4 36. Rxh4 Rg5+ 37. Kf1 Rg6 38. Qf2 Kg7 39. Qh2 Qd6 40. Rg1
Rxg1+ 41. Qxg1+ Kh7 42. Rg4 Rf7 43. Rg8 Qf6 44. Rg4 Qd6 45. Rg8 a5 46. Qg4 Qf6
47. bxa5 bxa5 48. Kf2 Qd6 49. Kf1 Qf6 50. Kf2 Qd6 1/2-1/2

[Event "19. Obert Int. Sant Marti 2017 - B"]
[Site "Barcelona ESP"]
[Date "2017.07.19"]
[Round "7.31"]
[White "Gallego Montes, Antoni"]
[Black "Volart Buil, Jordi"]
[Result "1-0"]
[WhiteElo "1908"]
[BlackElo "1754"]
[PlyCount "125"]
[EventDate "2017.07.13"]
[EventType "swiss"]
[EventRounds "9"]
[EventCountry "ESP"]
[SourceTitle "Ajedrez en Madrid"]
[Source "lmi"]
[SourceDate "2017.07.13"]
[SourceVersion "1"]
[SourceVersionDate "2019.06.21"]
[SourceQuality "1"]

1. e4 e5 2. Nf3 Qe7 3. Bc4 c6 4. O-O h6 5. d4 d6 6. h3 Nf6 7. dxe5 dxe5 8. Re1
Qc7 9. a4 Be7 10. b3 O-O 11. Nh4 Nbd7 12. Nf5 Re8 13. Qf3 Nb6 14. Nxe7+ Qxe7
15. Ba3 Qc7 16. Bd3 Be6 17. Nd2 Rad8 18. a5 Nbd7 19. Bc4 Nf8 20. Bd3 Ng6 21.
Bc1 Nf4 22. Bf1 b5 23. axb6 axb6 24. Nc4 b5 25. Nxe5 Qxe5 26. Bxf4 Qh5 27. Be2
Qxf3 28. Bxf3 Ra8 29. Kf1 Nd7 30. Bd6 Nb6 31. Be2 f6 32. Bd3 g5 33. Bb4 Nd7 34.
Bc3 Kf7 35. b4 Ra4 36. f3 Rea8 37. Ke2 Nb6 38. Ke3 Bc4 39. Kd4 Rxa1 40. Rxa1
Rd8+ 41. Ke3 Bxd3 42. Ra7+ Rd7 43. Rxd7+ Nxd7 44. cxd3 Ke6 45. f4 c5 46. bxc5
Nxc5 47. f5+ Kf7 48. Kd4 Na6 49. g4 b4 50. Bb2 Ke7 51. Kd5 Nb8 52. Kc4 Nd7 53.
Kxb4 Kd6 54. d4 Kc6 55. e5 Kd5 56. e6 Nb8 57. Kb5 Nc6 58. Kb6 Ne7 59. Kc7 h5
60. Kd7 hxg4 61. hxg4 Nc6 62. e7 Nb8+ 63. Kc8 1-0

[Event "19. Obert Int. Sant Marti 2017 - B"]
[Site "Barcelona ESP"]
[Date "2017.07.19"]
[Round "7.32"]
[White "Elizondo Marquet, Juan Marcos"]
[Black "Garcia Punzano, Josep Lluis"]
[Result "0-1"]
[WhiteElo "1887"]
[BlackElo "1683"]
[PlyCount "62"]
[EventDate "2017.07.13"]
[EventType "swiss"]
[EventRounds "9"]
[EventCountry "ESP"]
[SourceTitle "Ajedrez en Madrid"]
[Source "lmi"]
[SourceDate "2017.07.13"]
[SourceVersion "1"]
[SourceVersionDate "2019.06.21"]
[SourceQuality "1"]

1. e4 c5 2. Nf3 d6 3. d4 cxd4 4. Nxd4 Nf6 5. Nc3 g6 6. Bc4 Bg7 7. h3 O-O 8. O-O
Nc6 9. Nf3 Bd7 10. Re1 a6 11. Bg5 Qc7 12. Bxf6 exf6 13. Nd5 Qa5 14. c3 Rfe8 15.
b4 Qd8 16. a4 Be6 17. Nd4 Bxd5 18. Bxd5 Nxd4 19. cxd4 Qb6 20. Qb3 Re7 21. Red1
Rae8 22. a5 Qa7 23. Qc4 Qb8 24. Rac1 Bh6 25. Rc2 f5 26. exf5 Re1+ 27. Rxe1
Rxe1+ 28. Kh2 Kg7 29. Bxf7 d5+ 30. Qc7 Qxc7+ 31. Rxc7 Bf4+ 0-1

[Event "19. Obert Int. Sant Marti 2017 - B"]
[Site "Barcelona ESP"]
[Date "2017.07.19"]
[Round "7.33"]
[White "Mercader Rubio, Luis"]
[Black "Lozano Ruiz, David"]
[Result "0-1"]
[WhiteElo "1747"]
[BlackElo "1844"]
[PlyCount "70"]
[EventDate "2017.07.13"]
[EventType "swiss"]
[EventRounds "9"]
[EventCountry "ESP"]
[SourceTitle "Ajedrez en Madrid"]
[Source "lmi"]
[SourceDate "2017.07.13"]
[SourceVersion "1"]
[SourceVersionDate "2019.06.21"]
[SourceQuality "1"]

1. e4 e6 2. d4 d5 3. exd5 exd5 4. c4 Bb4+ 5. Nc3 Nf6 6. Nf3 O-O 7. cxd5 Nxd5 8.
Bd2 Re8+ 9. Ne2 Be7 10. Qb3 c6 11. O-O-O a5 12. Ne5 Bf6 13. f4 a4 14. Qf3 Nd7
15. Nc3 Nxe5 16. dxe5 Be7 17. Bd3 g6 18. g4 Qc7 19. h4 h6 20. f5 Qxe5 21. Rhe1
Qd4 22. Re4 Qc5 23. fxg6 fxg6 24. Rc4 Qd6 25. Bxh6 Bf8 26. Bd2 b5 27. Re4 Be6
28. h5 Nxc3 29. Bxc3 Bd5 30. Qe3 Bxe4 31. Bxe4 Qe7 32. Re1 Qc5 33. a3 Qxe3+ 34.
Rxe3 Bh6 35. Kd2 Rxe4 0-1

[Event "19. Obert Int. Sant Marti 2017 - B"]
[Site "Barcelona ESP"]
[Date "2017.07.19"]
[Round "7.34"]
[White "Julia Yebra, David"]
[Black "Tortosa Moros, Joan"]
[Result "1/2-1/2"]
[WhiteElo "1840"]
[BlackElo "1672"]
[PlyCount "70"]
[EventDate "2017.07.13"]
[EventType "swiss"]
[EventRounds "9"]
[EventCountry "ESP"]
[SourceTitle "Ajedrez en Madrid"]
[Source "lmi"]
[SourceDate "2017.07.13"]
[SourceVersion "1"]
[SourceVersionDate "2019.06.21"]
[SourceQuality "1"]

1. c4 c6 2. g3 d5 3. cxd5 cxd5 4. d4 Nc6 5. Nf3 Bf5 6. a3 Nf6 7. Bg2 e6 8. O-O
Bd6 9. Nc3 a6 10. Re1 h6 11. b4 Rc8 12. Bb2 O-O 13. e3 Nd7 14. Nh4 Bh7 15. Bf1
Nb6 16. Bd3 Bxd3 17. Qxd3 Nc4 18. Rab1 Be7 19. Ng2 Bf6 20. Bc1 b5 21. f4 Ne7
22. Nd1 Nf5 23. Nf2 Nfd6 24. Re2 Nb6 25. Ra2 Na4 26. Bd2 Rc4 27. Qe2 Qc7 28.
Ne1 Rc8 29. Qd3 Nc3 30. Bxc3 Rxc3 31. Qd2 Qb6 32. Kg2 Nf5 33. Nd1 R3c4 34. Nd3
Nd6 35. N1f2 R4c7 1/2-1/2

[Event "19. Obert Int. Sant Marti 2017 - B"]
[Site "Barcelona ESP"]
[Date "2017.07.19"]
[Round "7.35"]
[White "Valero Recalde, Pablo"]
[Black "Perez Garcia, Francisco Jose"]
[Result "0-1"]
[WhiteElo "1730"]
[BlackElo "1814"]
[PlyCount "58"]
[EventDate "2017.07.13"]
[EventType "swiss"]
[EventRounds "9"]
[EventCountry "ESP"]
[SourceTitle "Ajedrez en Madrid"]
[Source "lmi"]
[SourceDate "2017.07.13"]
[SourceVersion "1"]
[SourceVersionDate "2019.06.21"]
[SourceQuality "1"]

1. d4 Nf6 2. c4 g6 3. Nf3 Bg7 4. g3 O-O 5. Bg2 d5 6. Nc3 c6 7. b3 dxc4 8. bxc4
Nbd7 9. O-O Nb6 10. Qd3 Be6 11. Nd2 Qc7 12. a4 a5 13. Rb1 Rad8 14. Ba3 Rfe8 15.
Rfc1 Nfd7 16. f4 Nf6 17. d5 Bc8 18. e4 Nbd7 19. e5 Ng4 20. d6 Qb8 21. c5 exd6
22. Bh3 Nxc5 23. Bxc5 dxc5 24. Qe2 Nxe5 25. Bxc8 Rxd2 26. Qe3 Qxc8 27. fxe5 Qd7
28. Rd1 Rxd1+ 29. Rxd1 Qe7 0-1

[Event "19. Obert Int. Sant Marti 2017 - B"]
[Site "Barcelona ESP"]
[Date "2017.07.19"]
[Round "7.36"]
[White "Vicente Soriano, Josep"]
[Black "Recio Reyes, Sergio"]
[Result "0-1"]
[WhiteElo "1698"]
[BlackElo "1807"]
[PlyCount "46"]
[EventDate "2017.07.13"]
[EventType "swiss"]
[EventRounds "9"]
[EventCountry "ESP"]
[SourceTitle "Ajedrez en Madrid"]
[Source "lmi"]
[SourceDate "2017.07.13"]
[SourceVersion "1"]
[SourceVersionDate "2019.06.21"]
[SourceQuality "1"]

1. e4 e5 2. Nc3 Nc6 3. Nf3 d6 4. d3 Nf6 5. Be2 Be7 6. O-O O-O 7. Bg5 h6 8. Bxf6
Bxf6 9. Nd5 Be6 10. Nxf6+ Qxf6 11. c3 d5 12. Qc2 Rad8 13. Rfd1 Qg6 14. Kh1 f5
15. Nh4 Qg5 16. Nxf5 Bxf5 17. exf5 Rxf5 18. f3 d4 19. Qd2 Qg6 20. Rg1 Ne7 21.
c4 Qc6 22. Raf1 Ng6 23. g3 Rdf8 0-1